000 00846nam a22002417i 4500
999 _c23356
_d23356
003 AR-CdUCM
008 250812b20162016 pe||||| |||| 00| 0 spa d
040 _aMUNICIPALIDAD PROVINCIAL DEL CUSCO
_cBIBLIOTECA MUNICIPAL DEL CUSCO
041 _hspa
082 _a129.7 / R63F
_bR63F
100 _aRíos Zamalloa, Jorge
_92949
245 _aLa Filosofía Wari
260 _aWanchaq-Cusco :
_bAutor-Editor
_c2016
300 _a148 páginas. :
_c20x15 cm.
505 _aWari ubicación geográfica -- Filosofía Wari -- Aya Kuchu -- Chavín de Wantar -- Chinchay suyo -- Valle del rio Rímac -- Pacha Kamac -- Chan Chan -- Caral -- Qhoto
650 _aWari
_951336
650 _aChavín
_925928
650 _aValle Rímac
_951337
650 _aCaral
_951338
650 _aPacha Kamaq
_951339
942 _2ddc
_cLIBROS
945 _apbjr
_d12-08-2025